000
00295nam a2200121Ia 4500
008
191201s2003 xx 000 0 und d
100
_a
BRADLEY, Julia Case
245
0
_a
Programming Visual Basic .NET
260
_a
N.Delhi
_b
TMH
_c
2003
300
_a
600
650
_a
B.Tech(CSE)
942
_2
ddc
_c
BK
999
_c
2170
_d
2170